| 000 | 00507nam a2200169Ia 4500 | ||
|---|---|---|---|
| 003 | GCL | ||
| 008 | 140319s9999 xx 000 0 ara d | ||
| 040 |
_aGCL / _cGCL |
||
| 082 | 0 | 4 |
_aد _b050 |
| 100 | 1 | _aرضوان ظاظا | |
| 245 | 1 | 0 |
_aمدخل الى مناهج النقد الادبى (عالم المعرفة 221) / _cرضوان ظاظا |
| 700 | 1 | _aالمنصف الشنوفى | |
| 300 | _a270 ص | ||
| 490 |
_aعالم المعرفة _v0 |
||
| 650 | 0 | 4 | _aالنقد الادبى |
| 942 |
_2ddc _cBK |
||
| 999 |
_c48368 _d48368 |
||